[Event "4NCL 3 South pool B"]
[Site "Bedford, ENG"]
[Date "2019.01.13"]
[Round "4.81"]
[White "Forster, Matthew"]
[Black "Farrand, Tom"]
[Result "0-1"]
[WhiteElo "2042"]
[BlackElo "2153"]
[PlyCount "74"]
[EventDate "2019.01.13"]
[WhiteTeam "Sussex Martlets 2"]
[BlackTeam "CSC 1"]

1. c4 e6 2. g3 f5 3. Bg2 Nf6 4. Nf3 Be7 5. O-O O-O 6. Nc3 d6 7. d4 Ne4 8. Qc2
Nxc3 9. Qxc3 a5 10. b3 Nc6 11. Bb2 Bf6 12. Qd2 e5 13. dxe5 dxe5 14. Qd5+ Kh8
15. Qxd8 Rxd8 16. Rfd1 Be6 17. Ne1 e4 18. Bxf6 gxf6 19. Nc2 a4 20. Ne3 Nd4 21.
Nd5 Nxe2+ 22. Kf1 Bxd5 23. Kxe2 Bf7 24. f3 Bh5 25. Rxd8+ Rxd8 26. bxa4 Rd3 27.
Rd1 Ra3 28. Rd8+ Kg7 29. Bh3 Bxf3+ 30. Ke1 Rxa2 31. Rd2 Rxa4 32. Bxf5 e3 33.
Rd7+ Kf8 34. Rd8+ Ke7 35. Rd7+ Ke8 36. Rxh7 Ra1+ 37. Bb1 Rxb1# 0-1

[Event "4NCL 3 South pool B"]
[Site "Bedford, ENG"]
[Date "2019.01.13"]
[Round "4.82"]
[White "Frostick, Clive A"]
[Black "Salmons, Calum"]
[Result "1-0"]
[WhiteElo "2127"]
[BlackElo "2087"]
[PlyCount "91"]
[EventDate "2019.01.13"]
[WhiteTeam "CSC 1"]
[BlackTeam "Sussex Martlets 2"]

1. d4 Nf6 2. Nf3 c5 3. e3 g6 4. dxc5 Qa5+ 5. Nbd2 Bg7 6. a3 Qxc5 7. b4 Qc7 8.
Bb2 O-O 9. c4 d6 10. Rc1 b6 11. Be2 a5 12. O-O Bd7 13. Qc2 Bf5 14. Bd3 Bxd3 15.
Qxd3 Nbd7 16. h3 axb4 17. axb4 Ra2 18. Qb3 Rfa8 19. Nd4 Qa7 20. Ra1 Rxa1 21.
Rxa1 Qb7 22. Ra4 Ne4 23. N2f3 Ne5 24. Nxe5 Bxe5 25. Qa2 Rxa4 26. Qxa4 Kg7 27.
f3 Ng3 28. Kf2 h5 29. Ne6+ fxe6 30. Bxe5+ dxe5 31. Kxg3 Qc7 32. Qb5 e4+ 33. f4
Kh7 34. Kh4 Qd6 35. Qe5 Qd3 36. Qd4 Qc2 37. g3 Qd3 38. Qxb6 Qxc4 39. Qc5 Qd3
40. Qxe7+ Kh6 41. g4 hxg4 42. hxg4 g5+ 43. fxg5+ Kg6 44. Qf6+ Kh7 45. g6+ Kh6
46. g5# 1-0

[Event "4NCL 3 South pool B"]
[Site "Bedford, ENG"]
[Date "2019.01.13"]
[Round "4.83"]
[White "Higgs, Anthony R J"]
[Black "Thompson, Ian D"]
[Result "1/2-1/2"]
[WhiteElo "2027"]
[BlackElo "2121"]
[PlyCount "108"]
[EventDate "2019.01.13"]
[WhiteTeam "Sussex Martlets 2"]
[BlackTeam "CSC 1"]

1. d4 d5 2. Bf4 Nf6 3. e3 g6 4. Bd3 Bg7 5. Nd2 O-O 6. h3 c5 7. c3 Qb6 8. Rb1
Nc6 9. Ngf3 Re8 10. O-O a5 11. Re1 Nd7 12. e4 dxe4 13. Nc4 Qd8 14. Bxe4 cxd4
15. Nxd4 Nxd4 16. cxd4 Nf6 17. Bf3 Be6 18. Rc1 Rc8 19. b3 Bd5 20. Be5 Rc6 21.
Qd3 Bh6 22. Rcd1 Bxf3 23. Qxf3 Nd5 24. Ne3 Nxe3 25. fxe3 Rc2 $11 26. Qxb7 Rxa2
27. Rc1 Qa8 28. Rc7 Qxb7 29. Rxb7 Kf8 30. e4 Rc8 31. Rc7 Rxc7 32. Bxc7 a4 33.
bxa4 Rxa4 34. d5 Rc4 35. Bb6 Bd2 36. Re2 Bf4 37. Bf2 h5 38. g3 Be5 39. Kg2 Ke8
40. g4 hxg4 41. hxg4 Kd7 42. Kf3 e6 43. dxe6+ Kxe6 44. Ra2 Rc3+ 45. Kg2 Rc6 46.
Ra5 f6 47. Rb5 Rc2 48. Kf3 Rc3+ 49. Kg2 g5 50. Rb6+ Kf7 51. Ra6 Rc2 52. Kf3 Kg6
53. Re6 Kf7 54. Ra6 Kg6 1/2-1/2

[Event "4NCL 3 South pool B"]
[Site "Bedford, ENG"]
[Date "2019.01.13"]
[Round "4.84"]
[White "Scrimgour, Alan"]
[Black "Batchelor, Paul A"]
[Result "1/2-1/2"]
[WhiteElo "2095"]
[BlackElo "2012"]
[PlyCount "87"]
[EventDate "2019.01.13"]
[WhiteTeam "CSC 1"]
[BlackTeam "Sussex Martlets 2"]

1. e4 c5 2. c3 d5 3. exd5 Qxd5 4. d4 Nf6 5. Nf3 Bg4 6. Be2 e6 7. O-O Nc6 8. Be3
cxd4 9. cxd4 Be7 10. Nc3 Qd6 11. a3 O-O 12. b4 a6 13. Qb3 b5 14. Rfd1 Rfd8 15.
Rd2 Nd5 16. Ne4 Qb8 17. Rc1 Rc8 18. Rdc2 Na7 19. Nc5 Qb6 20. Ne5 Bxe2 21. Rxe2
Rc7 22. Rec2 Rac8 23. g3 Qd6 24. h4 f6 25. Nf3 Rc6 26. Qd3 Bf8 27. Re1 Re8 28.
Rce2 Qc7 29. Bc1 Qf7 30. Qb3 Nc8 31. Kf1 Rb6 32. Nxe6 Rbxe6 33. Qxd5 Rxe2 34.
Qxf7+ Kxf7 35. Rxe2 Rxe2 36. Kxe2 Ke6 37. Kd3 Kd5 38. g4 Nd6 39. h5 f5 40. Ne5
fxg4 41. Nxg4 Ne8 42. Bg5 h6 43. Ne3+ Ke6 44. d5+ 1/2-1/2

[Event "4NCL 3 South pool B"]
[Site "Bedford, ENG"]
[Date "2019.01.13"]
[Round "4.85"]
[White "Graham, William M"]
[Black "Amato, Giampiero"]
[Result "0-1"]
[WhiteElo "2027"]
[BlackElo "1975"]
[PlyCount "80"]
[EventDate "2019.01.13"]
[WhiteTeam "Sussex Martlets 2"]
[BlackTeam "CSC 1"]

1. c4 c5 2. g3 g6 3. Bg2 Bg7 4. Nc3 Nc6 5. e4 e6 6. Nge2 Nge7 7. O-O O-O 8. d3
d6 9. Be3 Nd4 10. Qd2 Re8 11. Rab1 Rb8 12. b4 Nxe2+ 13. Nxe2 Qc7 14. d4 cxb4
15. Qxb4 Nc6 16. Qc3 b6 17. Rfc1 Na5 18. c5 dxc5 19. Qa3 c4 20. d5 exd5 21.
exd5 Bf5 22. Rb5 Qd7 23. Rxa5 bxa5 24. Qxa5 Rb1 25. Qc5 Rxc1+ 26. Nxc1 c3 27.
Bf1 Rb8 28. Nb3 c2 29. Be2 Rc8 30. Qa5 Bb2 31. Qd2 Bc3 32. Qc1 Qxd5 33. g4 Bd3
34. Bf1 Bxf1 35. Kxf1 Qd1+ 36. Kg2 Qxg4+ 37. Kf1 Qd1+ 38. Kg2 a5 39. a4 Rb8 40.
Bh6 Qd5+ 0-1

[Event "4NCL 3 South pool B"]
[Site "Bedford, ENG"]
[Date "2019.01.13"]
[Round "4.86"]
[White "Stayt, James N"]
[Black "Bennet-Stevens, Lucy"]
[Result "1/2-1/2"]
[WhiteElo "1923"]
[BlackElo "1967"]
[PlyCount "65"]
[EventDate "2019.01.13"]
[WhiteTeam "CSC 1"]
[BlackTeam "Sussex Martlets 2"]

1. e4 c5 2. c3 d5 3. exd5 Qxd5 4. d4 cxd4 5. cxd4 Nc6 6. Nf3 e6 7. a3 Nf6 8.
Nc3 Qd8 9. Bd3 Be7 10. O-O O-O 11. Bc2 Nd5 12. Qd3 f5 13. Re1 Bf6 14. Ne5 Qb6
15. Nxd5 exd5 16. Nxc6 bxc6 17. Rd1 Re8 18. Be3 g6 19. b4 Ba6 20. Qc3 Re6 21.
Rac1 Rae8 22. Bd3 Bxd3 23. Qxd3 Re4 24. g3 g5 25. Qc3 R8e6 26. Re1 Kf7 27. Qd2
f4 28. gxf4 gxf4 29. Bxf4 Bxd4 30. Rxe4 Rxe4 31. Bg3 Re6 32. Qc2 Kg7 33. Qf5
1/2-1/2

[Event "4NCL 3 South pool B"]
[Site "Daventry, ENG"]
[Date "2019.02.09"]
[Round "5.51"]
[White "Swanson, Stephen"]
[Black "Frostick, Clive A"]
[Result "1/2-1/2"]
[WhiteElo "2202"]
[BlackElo "2129"]
[PlyCount "72"]
[EventDate "2019.02.09"]
[WhiteTeam "Poisoned Pawns 1"]
[BlackTeam "CSC 1"]

1. e4 c5 2. Nf3 Nf6 3. d3 Nc6 4. g3 d5 5. Nbd2 e6 6. Bg2 Be7 7. O-O h6 8. Qe2
b5 9. Re1 a5 10. Nf1 b4 11. e5 Nd7 12. h4 Ba6 13. c4 bxc3 14. bxc3 Rc8 15. N1h2
Qb6 16. h5 Qb5 17. Bf1 Qa4 18. Bf4 Rb8 19. Qd2 Qa3 20. Rab1 Rxb1 21. Rxb1 Kd8
22. Qc2 c4 23. d4 Bf8 24. Ng4 Nb4 25. cxb4 axb4 26. Nd2 Nb6 27. Ne3 Be7 28. Bg2
Kd7 29. Re1 Qa5 30. Nf3 Bb7 31. Rb1 Ra8 32. Nd1 Qxa2 33. Rb2 Qa1 34. Rb1 Qa2
35. Rb2 Qa1 36. Rb1 Qa2 1/2-1/2

[Event "4NCL 3 South pool B"]
[Site "Daventry, ENG"]
[Date "2019.02.09"]
[Round "5.52"]
[White "Fegan, Chris"]
[Black "Rosen, Daniel B"]
[Result "1-0"]
[WhiteElo "2024"]
[BlackElo "2072"]
[PlyCount "91"]
[EventDate "2019.02.09"]
[WhiteTeam "CSC 1"]
[BlackTeam "Poisoned Pawns 1"]

1. d4 f5 2. g3 Nf6 3. Bg5 e6 4. Bg2 Be7 5. e3 d5 6. Ne2 O-O 7. O-O c6 8. Nd2
Qe8 9. c4 Nbd7 10. Nf4 Bb4 11. f3 h6 12. Bxf6 Nxf6 13. Rc1 Bd7 14. a3 Bxd2 15.
Qxd2 dxc4 16. Rxc4 e5 17. dxe5 Qxe5 18. Ng6 Qe6 19. Nxf8 Rxf8 20. Rd4 Be8 21.
Rd6 Qe7 22. Rd4 Bf7 23. Rd1 Bb3 24. Re1 Bd5 25. Qd3 Be6 26. Bh3 Bc8 27. Bxf5
Bxf5 28. Qxf5 Re8 29. Qd3 Qc7 30. Rd1 Kf7 31. Rd8 Re7 32. b4 Qb6 33. Kf2 a5 34.
Qd4 Qc7 35. Qc4+ Kg6 36. R8d4 axb4 37. axb4 Qe5 38. R1d3 Kh7 39. Qc5 Qe6 40.
Rd6 Qh3 41. Rxf6 Qxh2+ 42. Kf1 Qh1+ 43. Ke2 Qg2+ 44. Kd1 Qf1+ 45. Kc2 Qa1 46.
Qf5+ 1-0

[Event "4NCL 3 South pool B"]
[Site "Daventry, ENG"]
[Date "2019.02.09"]
[Round "5.53"]
[White "Byway, Paul V"]
[Black "Amato, Giampiero"]
[Result "0-1"]
[WhiteElo "2060"]
[BlackElo "1981"]
[PlyCount "62"]
[EventDate "2019.02.09"]
[WhiteTeam "Poisoned Pawns 1"]
[BlackTeam "CSC 1"]

1. Nf3 Nf6 2. c4 c5 3. e3 g6 4. d4 Bg7 5. Be2 O-O 6. O-O cxd4 7. Nxd4 Nc6 8.
Nc3 Nxd4 9. exd4 d5 10. b3 b6 11. Be3 Bb7 12. Rc1 Rc8 13. Qd2 Qd7 14. c5 bxc5
15. dxc5 e5 16. Bg5 Bc6 17. h3 Rb8 18. Rfd1 d4 19. Bxf6 Bxf6 20. Bf1 Qe7 21.
Ne2 Rfd8 22. g3 d3 23. Nc3 Bg5 24. f4 exf4 25. gxf4 Qxc5+ 26. Kh2 Qd6 27. Kg3
Rb4 28. Ne2 dxe2 29. Qxd6 exd1=Q 30. Rxd1 Rxd6 31. Rxd6 Bxf4+ 0-1

[Event "4NCL 3 South pool B"]
[Site "Daventry, ENG"]
[Date "2019.02.09"]
[Round "5.54"]
[White "Frostick, Helen M"]
[Black "Clark, Kevin R"]
[Result "0-1"]
[WhiteElo "1970"]
[BlackElo "2125"]
[PlyCount "64"]
[EventDate "2019.02.09"]
[WhiteTeam "CSC 1"]
[BlackTeam "Poisoned Pawns 1"]

1. e4 e5 2. Nf3 Nf6 3. d4 Nxe4 4. dxe5 d5 5. exd6 Bxd6 6. Bd3 Nc5 7. Qe2+ Be6
8. Bc4 O-O 9. Bxe6 Nxe6 10. O-O Nc6 11. Be3 Re8 12. Qc4 Nb4 13. a3 Nd5 14. Bd2
Nef4 15. Bxf4 Nxf4 16. Nc3 Qd7 17. Rfd1 Qg4 18. Qf1 Re6 19. Nd4 Rg6 20. g3 Bc5
21. f3 Bxd4+ 22. Kh1 Qxg3 23. Rxd4 Rh6 24. Rd2 Re8 25. Qf2 Qxf2 26. Rxf2 Rhe6
27. Raf1 Rb6 28. b3 f5 29. Rd2 Rbe6 30. Kg1 c6 31. Kf2 Rg6 32. Rfd1 Nh3+ 0-1

[Event "4NCL 3 South pool B"]
[Site "Daventry, ENG"]
[Date "2019.02.09"]
[Round "5.55"]
[White "McCorry, Robert T"]
[Black "Fowler, David"]
[Result "0-1"]
[WhiteElo "2019"]
[BlackElo "1948"]
[PlyCount "56"]
[EventDate "2019.02.09"]
[WhiteTeam "Poisoned Pawns 1"]
[BlackTeam "CSC 1"]

1. e4 c6 2. d4 d5 3. Nd2 dxe4 4. Nxe4 Bf5 5. Ng3 Bg6 6. h4 h6 7. Nf3 Nd7 8. h5
Bh7 9. Bd3 Bxd3 10. Qxd3 e6 11. Bd2 Ngf6 12. O-O-O Be7 13. Kb1 O-O 14. Ne4 Nxe4
15. Qxe4 Nf6 16. Qe2 Qd5 17. Be3 b5 18. Ne5 Rab8 19. g4 Ne4 20. g5 b4 21. gxh6
Nc3+ 22. bxc3 bxc3+ 23. Ka1 Rb4 24. h7+ Kh8 25. Rb1 Ra4 26. Nc4 Rxc4 27. Rhg1
Ra4 28. Rb3 Qa5 0-1

[Event "4NCL 3 South pool B"]
[Site "Daventry, ENG"]
[Date "2019.02.09"]
[Round "5.56"]
[White "Vachtfeidl, Petr"]
[Black "Kemp, Paul R"]
[Result "0-1"]
[WhiteElo "1842"]
[BlackElo "2032"]
[PlyCount "62"]
[EventDate "2019.02.09"]
[WhiteTeam "CSC 1"]
[BlackTeam "Poisoned Pawns 1"]

1. d4 d5 2. c4 c6 3. Nf3 Nf6 4. Nc3 e6 5. Bg5 h6 6. Bh4 dxc4 7. e4 g5 8. Bg3 b5
9. Be2 Bb7 10. h4 g4 11. Ne5 h5 12. O-O Nbd7 13. Nxd7 Qxd7 14. Be5 Be7 15. b3
cxb3 16. axb3 Rg8 17. Qc2 Qd8 18. g3 a6 19. Rfd1 Qb6 20. Bxf6 Bxf6 21. e5 Be7
22. Qh7 Rf8 23. Ne4 c5 24. dxc5 Qc6 25. f3 Bxc5+ 26. Kg2 Be7 27. Rac1 Qb6 28.
Nd6+ Bxd6 29. exd6 Qe3 30. Bxb5+ axb5 31. Qxh5 Qxf3+ 0-1

[Event "4NCL 3 South pool B"]
[Site "Daventry, ENG"]
[Date "2019.02.09"]
[Round "5.61"]
[White "Brown, Thomas"]
[Black "Mihov, Filip"]
[Result "1/2-1/2"]
[WhiteElo "2070"]
[BlackElo "2155"]
[PlyCount "31"]
[EventDate "2019.02.09"]
[WhiteTeam "Rhyfelwyr Essyllwg"]
[BlackTeam "Oxford 2"]

1. Nf3 d5 2. e3 Nf6 3. c4 e6 4. b3 Be7 5. Bb2 O-O 6. Nc3 c5 7. cxd5 exd5 8. d4
Nc6 9. Be2 Re8 10. O-O Be6 11. dxc5 Bxc5 12. Rc1 Bb6 13. Na4 Bc7 14. Nc5 Bc8
15. Bxf6 gxf6 16. Bb5 1/2-1/2

[Event "4NCL 3 South pool B"]
[Site "Daventry, ENG"]
[Date "2019.02.09"]
[Round "5.62"]
[White "McKenna, Jason P"]
[Black "Heaven, Pete"]
[Result "1-0"]
[WhiteElo "2125"]
[BlackElo "2038"]
[PlyCount "103"]
[EventDate "2019.02.09"]
[WhiteTeam "Oxford 2"]
[BlackTeam "Rhyfelwyr Essyllwg"]

1. e4 c5 2. Nf3 d6 3. d4 cxd4 4. Nxd4 Nf6 5. Nc3 a6 6. Nb3 e5 7. Bg5 Be7 8. Qd2
Be6 9. O-O-O Nbd7 10. f3 O-O 11. Be3 b5 12. g4 b4 13. Nd5 Bxd5 14. exd5 a5 15.
Kb1 a4 16. Nc1 Ra5 17. Bc4 Nb6 18. Bxb6 Qxb6 19. h4 Rc8 20. b3 Rb8 21. h5 Nd7
22. g5 Bf8 23. g6 fxg6 24. hxg6 h6 25. Rdg1 Nf6 26. Qg2 Qc7 27. Ne2 axb3 28.
Bxb3 Ra3 29. Rh4 Qa7 30. Nc1 Rxb3+ 31. cxb3 Nxd5 32. Qg4 Nc3+ 33. Ka1 Qc7 34.
Rh5 Ra8 35. Qxb4 Nxa2 36. Nxa2 Rxa2+ 37. Kxa2 Qa7+ 38. Kb2 Qf2+ 39. Kc3 Qxf3+
40. Kc2 Qxh5 41. Qc4+ d5 42. Qxd5+ Kh8 43. Rg2 Qf5+ 44. Kb2 Qf1 45. Qa8 Kg8 46.
Rd2 Qf6 47. Qe4 Qe7 48. Qd5+ Kh8 49. Rf2 Qa3+ 50. Kb1 Qb4 51. Qf7 Qe4+ 52. Kb2
1-0

[Event "4NCL 3 South pool B"]
[Site "Daventry, ENG"]
[Date "2019.02.09"]
[Round "5.63"]
[White "Ralphs, Nigel"]
[Black "Cole, James"]
[Result "1/2-1/2"]
[WhiteElo "1981"]
[BlackElo "2027"]
[PlyCount "51"]
[EventDate "2019.02.09"]
[WhiteTeam "Rhyfelwyr Essyllwg"]
[BlackTeam "Oxford 2"]

1. e4 c6 2. d4 d5 3. e5 Bf5 4. Nf3 e6 5. Be2 c5 6. O-O Nc6 7. Be3 cxd4 8. Nxd4
Nge7 9. Bg5 Nxd4 10. Qxd4 Nc6 11. Qd2 Be7 12. Bxe7 Qxe7 13. Bb5 O-O 14. Bxc6
bxc6 15. Nc3 Qb4 16. b3 d4 17. Ne4 Qxd2 18. Nxd2 Bxc2 19. Rac1 d3 20. Nc4 Rfd8
21. Ne3 Rd5 22. Nxc2 dxc2 23. Rxc2 Rxe5 24. Rxc6 a5 25. Rfc1 g6 26. R6c5
1/2-1/2

[Event "4NCL 3 South pool B"]
[Site "Daventry, ENG"]
[Date "2019.02.09"]
[Round "5.64"]
[White "Moyse, Nigel John"]
[Black "Trevelyan, John"]
[Result "1-0"]
[WhiteElo "2046"]
[BlackElo "1991"]
[PlyCount "43"]
[EventDate "2019.02.09"]
[WhiteTeam "Oxford 2"]
[BlackTeam "Rhyfelwyr Essyllwg"]

1. d4 d6 2. c4 e5 3. d5 f5 4. Nc3 Nf6 5. Qc2 Be7 6. e4 fxe4 7. Nxe4 Nxe4 8.
Qxe4 O-O 9. Qc2 Nd7 10. Bd3 Nf6 11. f3 c6 12. Bd2 cxd5 13. cxd5 e4 14. fxe4 Ng4
15. Nf3 Rxf3 16. gxf3 Bh4+ 17. Ke2 Nf2 18. Rhg1 Nxd3 19. Qxd3 Qb6 20. Qe3 Qb5+
21. Kd1 Bf6 22. Bc3 1-0

[Event "4NCL 3 South pool B"]
[Site "Daventry, ENG"]
[Date "2019.02.09"]
[Round "5.65"]
[White "Van Kemenade, Rudy"]
[Black "Alizada, Eldar"]
[Result "1-0"]
[WhiteElo "1944"]
[BlackElo "1959"]
[PlyCount "83"]
[EventDate "2019.02.09"]
[WhiteTeam "Rhyfelwyr Essyllwg"]
[BlackTeam "Oxford 2"]

1. e4 e6 2. d3 d5 3. Qe2 Nf6 4. Nf3 Be7 5. g3 O-O 6. Bg2 c5 7. O-O Nc6 8. e5
Nd7 9. c4 Nb6 10. h4 f5 11. exf6 Bxf6 12. Nc3 Nd4 13. Nxd4 cxd4 14. Nb5 a6 15.
Na3 dxc4 16. dxc4 Qc7 17. Bf4 e5 18. Bd2 Be7 19. b4 Bf5 20. c5 Nd7 21. Nc4 Rad8
22. Rfe1 Rfe8 23. Bg5 Bxg5 24. hxg5 b6 25. Nd6 Rf8 26. Qc4+ Kh8 27. Nf7+ Rxf7
28. Qxf7 Rf8 29. Qe7 bxc5 30. bxc5 Qxc5 31. Qxc5 Nxc5 32. Rxe5 Nd3 33. Rxf5
Rxf5 34. Be4 Rxf2 35. Bxd3 Rf3 36. Rf1 Rxf1+ 37. Kxf1 a5 38. Ke2 Kg8 39. Kf3
Kf7 40. a4 h6 41. gxh6 gxh6 42. Ke4 1-0

[Event "4NCL 3 South pool B"]
[Site "Daventry, ENG"]
[Date "2019.02.09"]
[Round "5.66"]
[White "Cont, Arya"]
[Black "Jones, Derek"]
[Result "1-0"]
[WhiteElo "1958"]
[BlackElo "1943"]
[PlyCount "49"]
[EventDate "2019.02.09"]
[WhiteTeam "Oxford 2"]
[BlackTeam "Rhyfelwyr Essyllwg"]

1. e4 c5 2. Nc3 Nc6 3. Bb5 Nd4 4. Bc4 g6 5. Nge2 Bg7 6. Nxd4 cxd4 7. Qf3 e6 8.
Nb5 d6 9. Qg3 Be5 10. f4 Bf6 11. O-O a6 12. Na3 b5 13. Bb3 Bb7 14. f5 gxf5 15.
exf5 e5 16. c3 Ne7 17. Rf2 h5 18. cxd4 h4 19. Qh3 Nd5 20. Qf3 e4 21. Qxe4+ Qe7
22. Bxd5 Qxe4 23. Bxe4 Bxe4 24. Re2 Bxd4+ 25. Kf1 1-0

[Event "4NCL 3 South pool B"]
[Site "Daventry, ENG"]
[Date "2019.02.09"]
[Round "5.71"]
[White "Burrows, Martin P"]
[Black "Salmons, Calum"]
[Result "1/2-1/2"]
[WhiteElo "2144"]
[BlackElo "2117"]
[PlyCount "82"]
[EventDate "2019.02.09"]
[WhiteTeam "The Rookies"]
[BlackTeam "Sussex Martlets 2"]

1. c4 c5 2. Nf3 Nc6 3. d4 cxd4 4. Nxd4 Nf6 5. Nc3 g6 6. e4 d6 7. Be2 Bg7 8. Be3
O-O 9. O-O Bd7 10. Qd2 Ng4 11. Bxg4 Bxg4 12. Rac1 Bd7 13. Rfd1 Ne5 14. b3 Ng4
15. Bg5 f6 16. Bh4 Bh6 17. f4 e5 18. Nde2 g5 19. Be1 gxf4 20. Qxd6 Rf7 21. Rd3
Bf8 22. Qd5 Qb6+ 23. Kh1 Ne3 24. c5 Bxc5 25. Na4 Nxd5 26. Nxb6 Bxb6 27. Rxd5
Bc6 28. Rd6 Bxe4 29. Nc3 Bc6 30. Nd5 Bxd5 31. Rxd5 Be3 32. Bd2 Bxd2 33. Rxd2
Re8 34. Kg1 e4 35. Rf1 e3 36. Rd4 f3 37. gxf3 f5 38. Rc1 f4 39. Kf1 Kg7 40. Ke2
Kg6 41. Rg1+ Kh6 1/2-1/2

[Event "4NCL 3 South pool B"]
[Site "Daventry, ENG"]
[Date "2019.02.09"]
[Round "5.72"]
[White "Forster, Matthew"]
[Black "Jones, Christopher M"]
[Result "0-1"]
[WhiteElo "1997"]
[BlackElo "2107"]
[PlyCount "106"]
[EventDate "2019.02.09"]
[WhiteTeam "Sussex Martlets 2"]
[BlackTeam "The Rookies"]

1. c4 e5 2. g3 Nc6 3. Nc3 f5 4. Nf3 Be7 5. d3 Nf6 6. Bg5 O-O 7. Bg2 d6 8. O-O
Qe8 9. Rb1 Qh5 10. Qd2 f4 11. e3 Bg4 12. Bxf6 Rxf6 13. Qe2 Raf8 14. h3 Bxh3 15.
Nd2 f3 16. Nxf3 Bxg2 17. Kxg2 Qxf3+ 18. Qxf3 Rxf3 19. Nd5 R3f7 20. Nxc7 Bd8 21.
Nd5 Ne7 22. Nc3 Nc8 23. b4 Rd7 24. a4 a5 25. bxa5 Bxa5 26. Ne4 b6 27. Rb5 Na7
28. Rd5 Rfd8 29. Rd1 Nc6 30. Ng5 h6 31. Nf3 Nb4 32. Rb5 Nxd3 33. Rxd3 e4 34.
Rd4 exf3+ 35. Kxf3 Rc8 36. Ke2 Rc5 37. Rb1 Kf7 38. f4 Ke6 39. g4 d5 40. cxd5+
Rdxd5 41. Re4+ Kf7 42. Rb2 Rc1 43. Kf3 Rf1+ 44. Kg2 Rfd1 45. Kf3 R5d2 46. Rb5
Rf1+ 47. Kg3 Ra2 48. Rf5+ Kg6 49. Re6+ Kh7 50. g5 Be1+ 51. Kg4 h5+ 52. Kxh5
Rh2+ 53. Kg4 Rh4# 0-1

[Event "4NCL 3 South pool B"]
[Site "Daventry, ENG"]
[Date "2019.02.09"]
[Round "5.73"]
[White "Compton, Alistair"]
[Black "Hoare, Amy B"]
[Result "1/2-1/2"]
[WhiteElo "2024"]
[BlackElo "2016"]
[PlyCount "51"]
[EventDate "2019.02.09"]
[WhiteTeam "The Rookies"]
[BlackTeam "Sussex Martlets 2"]

1. e4 e5 2. Nf3 Nc6 3. Bb5 Nf6 4. Nc3 Bc5 5. h3 O-O 6. d3 d6 7. Bg5 Be6 8. Ne2
h6 9. Bh4 Nd4 10. Nexd4 exd4 11. Qd2 c6 12. Ba4 b5 13. Bb3 a5 14. a3 Qe7 15.
O-O a4 16. Bxe6 Qxe6 17. Rae1 Nd7 18. Nh2 d5 19. e5 Be7 20. Bxe7 Qxe7 21. f4 f5
22. Qf2 c5 23. Nf3 Ra6 24. Kh1 Rf7 25. Re2 Nf8 26. Rfe1 1/2-1/2

[Event "4NCL 3 South pool B"]
[Site "Daventry, ENG"]
[Date "2019.02.09"]
[Round "5.74"]
[White "Batchelor, Paul A"]
[Black "Gibson, Christopher A"]
[Result "0-1"]
[WhiteElo "2035"]
[BlackElo "1881"]
[PlyCount "98"]
[EventDate "2019.02.09"]
[WhiteTeam "Sussex Martlets 2"]
[BlackTeam "The Rookies"]

1. d4 Nf6 2. c4 g6 3. Nc3 Bg7 4. e4 d6 5. f3 O-O 6. Bg5 a6 7. Qd2 Nbd7 8. Nh3
c5 9. d5 b5 10. Nf2 bxc4 11. Bxc4 Qa5 12. O-O Nb6 13. Be2 Bd7 14. Bh6 Rfb8 15.
Bxg7 Kxg7 16. Rfb1 Na4 17. Nfd1 Bb5 18. Bf1 Rb7 19. b3 Bxf1 20. Kxf1 Nxc3 21.
Qxc3 Qb5+ 22. Kf2 Kg8 23. Ne3 a5 24. Nc4 Nd7 25. h4 Nb6 26. Nd2 Qb4 27. Qe3
Rab8 28. h5 Nd7 29. hxg6 fxg6 30. Rh1 Nf6 31. g4 Rf8 32. Kg2 Rf7 33. Rac1 Qa3
34. Rc2 Nd7 35. Kg3 Rb8 36. Qc3 Qb4 37. Qa1 Rbf8 38. Qc1 Qd4 39. Rf1 Qe3 40.
Rc3 Qf4+ 41. Kg2 Ne5 42. Qe1 h5 43. gxh5 gxh5 44. Kf2 Qh2+ 45. Ke3 Rg7 46. Rh1
Qg2 47. Qf1 Ng4+ 48. Kd3 Nf2+ 49. Kc2 Nxh1 0-1

[Event "4NCL 3 South pool B"]
[Site "Daventry, ENG"]
[Date "2019.02.09"]
[Round "5.75"]
[White "Jaszkiwskyj, Peter"]
[Black "Graham, William M"]
[Result "1/2-1/2"]
[WhiteElo "1930"]
[BlackElo "1997"]
[PlyCount "84"]
[EventDate "2019.02.09"]
[WhiteTeam "The Rookies"]
[BlackTeam "Sussex Martlets 2"]

1. d4 Nf6 2. c4 g6 3. Nc3 Bg7 4. Nf3 O-O 5. Bf4 d6 6. e3 Nc6 7. Be2 Nd7 8. Bg5
h6 9. Bh4 g5 10. Bg3 f5 11. Qd2 e5 12. dxe5 Ndxe5 13. Qd5+ Kh8 14. Bxe5 Nxe5
15. Nxe5 dxe5 16. Qxd8 Rxd8 17. Rd1 Be6 18. Nb5 Rxd1+ 19. Kxd1 Rd8+ 20. Kc2 c6
21. Nc3 Kg8 22. f3 Kf7 23. b3 Bf8 24. Rd1 Rxd1 25. Bxd1 Bc5 26. Kd3 Ke7 27. Na4
Bd6 28. h3 Bd7 29. Be2 b6 30. Bd1 Ke6 31. Bc2 f4 32. e4 Bb4 33. Nc3 Kd6 34. Bd1
a6 35. Nb1 b5 36. a3 Bc5 37. b4 bxc4+ 38. Kxc4 Be6+ 39. Kd3 Bd4 40. Nd2 Bb2 41.
a4 Bd4 42. Bb3 Bxb3 1/2-1/2

[Event "4NCL 3 South pool B"]
[Site "Daventry, ENG"]
[Date "2019.02.09"]
[Round "5.76"]
[White "Bennet-Stevens, Lucy"]
[Black "Conterno, Dominique"]
[Result "0-1"]
[WhiteElo "1990"]
[BlackElo "1836"]
[PlyCount "84"]
[EventDate "2019.02.09"]
[WhiteTeam "Sussex Martlets 2"]
[BlackTeam "The Rookies"]

1. e4 d6 2. d4 Nf6 3. Nc3 g6 4. Be3 a6 5. f3 b5 6. a3 Nbd7 7. Qd2 Bg7 8. Nge2
c5 9. h4 cxd4 10. Nxd4 h5 11. Be2 Ne5 12. O-O-O Bb7 13. Rdg1 Rc8 14. Bg5 Qa5
15. Nb3 Qd8 16. Qe3 Nc4 17. Bxc4 Rxc4 18. e5 dxe5 19. Qxe5 Qc7 20. Qe2 O-O 21.
Nd2 Rc5 22. Be3 Rc6 23. Ndb1 Rc8 24. Rd1 Re6 25. Qf2 Qc6 26. Rd3 a5 27. Rhd1
Kh7 28. R1d2 b4 29. axb4 axb4 30. Nd1 Qc7 31. Bg5 Qa5 32. Re3 Bd5 33. Rxe6 Bxe6
34. Qe3 Ra8 35. c3 Qa1 36. cxb4 Bf5 37. Ndc3 Rc8 38. Rc2 Bxc2 39. Kxc2 Nd5 40.
Qe1 Nxb4+ 41. Kb3 Nd3 42. Qe2 Rb8+ 0-1

[Event "4NCL 3 South pool B"]
[Site "Daventry, ENG"]
[Date "2019.02.09"]
[Round "5.81"]
[White "Scott, David A"]
[Black "Feavyour, John A"]
[Result "1-0"]
[WhiteElo "2150"]
[BlackElo "1973"]
[PlyCount "59"]
[EventDate "2019.02.09"]
[WhiteTeam "Surbiton"]
[BlackTeam "Iceni 2"]

1. d4 Nf6 2. c4 g6 3. f3 c5 4. d5 Bg7 5. e4 d6 6. Ne2 O-O 7. Nec3 e5 8. Bg5 h6
9. Be3 Na6 10. Qd2 Kh7 11. g4 Nc7 12. Be2 Rb8 13. a4 Na6 14. Nb5 Ra8 15. N1a3
Nb4 16. Nc2 Nxc2+ 17. Qxc2 a6 18. Nc3 b6 19. Qd2 Ng8 20. h4 f5 21. h5 f4 22.
hxg6+ Kxg6 23. Bf2 Bf6 24. O-O-O Bg5 25. Bd3 Bd7 26. Kc2 Nf6 27. Bh4 Rh8 28.
Qg2 Bxh4 29. Rxh4 Nxd5 30. exd5+ 1-0

[Event "4NCL 3 South pool B"]
[Site "Daventry, ENG"]
[Date "2019.02.09"]
[Round "5.82"]
[White "Calvert, D Ian"]
[Black "Seymour, Timothy P"]
[Result "1/2-1/2"]
[WhiteElo "1912"]
[BlackElo "2118"]
[PlyCount "76"]
[EventDate "2019.02.09"]
[WhiteTeam "Iceni 2"]
[BlackTeam "Surbiton"]

1. b3 d5 2. Bb2 Bg4 3. h3 Bh5 4. d4 Nf6 5. Nf3 Bxf3 6. exf3 e6 7. g3 c5 8. Bg2
Nc6 9. dxc5 Bxc5 10. O-O O-O 11. Nd2 e5 12. c4 d4 13. Ne4 Nxe4 14. fxe4 a5 15.
a3 d3 16. Qd2 Qd6 17. Kh2 Rfd8 18. Rfd1 Qf6 19. f4 Nd4 20. fxe5 Nf3+ 21. Bxf3
Qxf3 22. Qg2 Qh5 23. g4 Qh6 24. Qf3 d2 25. Bc3 Be3 26. Rf1 Qf4+ 27. Qxf4 Bxf4+
28. Kg2 g5 29. Rad1 Rd3 30. Rf3 Rad8 31. Bxa5 Rxf3 32. Kxf3 Rd3+ 33. Ke2 Rxb3
34. Bxd2 Bxe5 35. Bxg5 Rxh3 36. Be3 Rh2+ 37. Kf3 Rh3+ 38. Ke2 Rh2+ 1/2-1/2

[Event "4NCL 3 South pool B"]
[Site "Daventry, ENG"]
[Date "2019.02.09"]
[Round "5.83"]
[White "Shepherd, Paul D"]
[Black "Somton, Anita"]
[Result "1-0"]
[WhiteElo "2072"]
[BlackElo "1982"]
[PlyCount "65"]
[EventDate "2019.02.09"]
[WhiteTeam "Surbiton"]
[BlackTeam "Iceni 2"]

1. e4 c6 2. d4 d5 3. exd5 cxd5 4. c4 Nf6 5. Nc3 Nc6 6. Bf4 e6 7. c5 a6 8. Nf3
Be7 9. Be2 O-O 10. a3 Ne4 11. Na4 f6 12. Nb6 Ra7 13. Be3 Bd7 14. O-O Be8 15.
Rc1 Bf7 16. Ne1 f5 17. f3 Nf6 18. b4 e5 19. dxe5 Nxe5 20. Nc2 Nc6 $11 21. Nd4
Nxd4 22. Bxd4 Be6 23. Re1 Ne8 24. Bf1 Nc7 25. Rc3 Bf6 26. Rce3 Bxd4 27. Qxd4
Rf6 28. Bc4 Rf8 29. Rxe6 dxc4 30. Rd6 Qg5 31. Re7 Nb5 32. Qxc4+ Kh8 33. Qf7 1-0